ბათუმის შოთა რუსთაველის სახელმწიფო უნივერსიტეტის ბიბლიოთეკა

მენეჯმენტის საფუძვლები აქტიური სწავლება : (ბიბ.ჩანაწერი № 42362)

000 -ლიდერი
ფიქსირებული სიგრძის საკონტროლო ველი 01196nam a2200241Ia 4500
001 - საკონტროლო ნომერი
საკონტროლო ველი 9058
003 - საკონტროლო ნომრის იდენტიფიკატორი
საკონტროლო ველი GE_BSU
005 - ბოლო ოპერაციის თარიღი და დრო
საკონტროლო ველი 20211210145246.0
008 - ფიქსირებული სიგრძის მონაცემთა ელემენტები - ზოგადი ინფორმაცია
ფიქსირებული სიგრძის საკონტროლო ველი 181216sge ||||xx |||||||||||||| ||geo||
020 ## - წიგნის საერთაშორისო სტანდარტული ნომერი
International Standard Book Number 978994238051
040 ## - კატალოგიზაციის წყარო
Transcribing agency GE_BSU
041 ## - ენის კოდი
Language code of text/sound track or separate title geo
080 ## - უნივერსალური ათობითი კლასიფიკაციის ინდექსი
Universal Decimal Classification number 005 (076.3) გ-41
100 ## - მთავარი ჩანაწერი - პიროვნების სახელი
Personal name გეჩბაია, ბადრი.
9 (RLIN) 13261
245 ## - ცნობა სათაურის შესახებ
Title მენეჯმენტის საფუძვლები აქტიური სწავლება :
Remainder of title ნ.1: საქმიანი თამაშები: სავარჯოშოები,სიტუაციები, ტესტები /
Statement of responsibility, etc ბადრი გეჩბაია; პაატა აროშიძე ; რედ. გელა მამულაძე
264 ## - წარმოების, გამოცემის, დისტრიბუციის და სხვა ცნობები
გამოცემის, წარმოების, დისტრიბუციის... ადგილი ბათუმი,
გამოცემის, წარმოების, დისტრიბუციის... თარიღი 2013.
300 ## - ფიზიკური აღწერა
Extent 65 გვ .:
Dimensions 29 სმ.
653 ## - INDEX TERM--UNCONTROLLED
Uncontrolled term მენეჯმენტის საფუძვლები.აქტიური სწავლება.
653 ## - INDEX TERM--UNCONTROLLED
Uncontrolled term მენეჯმენტი
700 ## - ADDED ENTRY--PERSONAL NAME
Personal name აროშიძე, პაატა
9 (RLIN) 4137
700 ## - ADDED ENTRY--PERSONAL NAME
Personal name მამულაძე, გელა
Relator term რედაქტორი
9 (RLIN) 13262
942 ## - ADDED ENTRY ELEMENTS (KOHA)
Koha item type წიგნი
Source of classification or shelving scheme
ეგზემპლარები
ჩამოწერის სტატუსი დაკარგული ეგზემპლარის სტატუსი კლასიფიკაციის წყარო ან თაროზე გაწყობის სქემა დაზიანების სტატუსი არ გაიცემა მუდმივი მდებარეობა (დაცვის ადგილი) ამჟამინდელი ადგილსამყოფელი თაროზე განთავსების ადგილი შეძენის თარიღი ღირებულება, შესყიდვის ნორმალური ფასი სრული შენახვის შიფრი შტრიხკოდი ბოლო ოპერაციის თარიღი ეგზემპლარის მიმდევრობითი ნომერი (კეტერი?) ფასის ძალაში შესვლის თარიღი ეგზემპლარის სახეობა საჯარო შენიშვნა
          ბათუმის შოთა რუსთაველის სახელმწიფო უნივერსიტეტის მთავარი ბიბლიოთეკა ბათუმის შოთა რუსთაველის სახელმწიფო უნივერსიტეტის მთავარი ბიბლიოთეკა წიგნსაცავი 2018-12-17 10.00 005 (076.3) გ-41 26796 2018-12-17 26796 2018-12-17 წიგნი 10.00
          ბათუმის შოთა რუსთაველის სახელმწიფო უნივერსიტეტის მთავარი ბიბლიოთეკა ბათუმის შოთა რუსთაველის სახელმწიფო უნივერსიტეტის მთავარი ბიბლიოთეკა წიგნსაცავი 2018-12-17 10.00 005 (076.3) გ-41 26797 2018-12-17 26797 2018-12-17 წიგნი 10.00